000
00298nam a22001337a 4500
008
170801b xxu||||| |||| 00| 0 eng d
020
_a
9781412940832
041
_a
eng
080
_a
004
100
_a
004
101
_a
32
245
_a
ADVENTURES IN SOCIAL RESEARCH
_c
BABBIE, E
942
_2
udc
_c
BK
999
_c
22329
_d
22329